Vanguarn, scott, foressman and company

Bewaard in:
Bibliografische gegevens
Formaat: Boek
Gepubliceerd in: 1967
Tags: Voeg label toe
Geen labels, Wees de eerste die dit record labelt!
Thư viện lưu trữ: Mạng thư viện Đại học Đà Nẵng
LEADER 00443nam a22001811a 4500
001 000037784
003 14079
005 20160412021142.0
008 160412s1967 000
082 |a 4A(07)1191 
245 |a Vanguarn, scott, foressman and company  |c L.B.Kneer 
260 |c 1967 
OWN |a LNN 
999 |a From the UDN01 
TYP |a Monograph 
980 |a Mạng thư viện Đại học Đà Nẵng